000 00697nam a2200241Ia 4500
003 OSt
005 20221005085606.0
006 a|||||r|||| 00| 0
007 ta
008 221004b |||||||| |||| 00| 0 eng d
024 _a65890
037 _cTextual
040 _aCRL
_cCRL
_beng
041 _2eng
_aeng
082 _aWz7, G8;K9
100 _aHuxley Aldous
245 0 _aEnds and means
_b An inquiry into the nature of ideals and into the methods employed for their realization
260 _aNew York
_bGreenwood Press USA
_c1938
300 _a386p.
_ccm.
650 _aPOLITICAL SCIENCE
942 _hWz7, G8;K9
_cTEXL
_2cc
999 _c994451
_d994451